书目信息 |
| 题名: |
千金方
|
|
| 作者: | 孙思邈 著 ;一木 编校 | |
| 分册: | 下 | |
| 出版信息: | 长春 吉林人民出版社 2005 |
|
| 页数: | 693~1042页 | |
| 开本: | 21cm | |
| 丛书名: | ||
| 单 册: | ||
| 中图分类: | R289.342 | |
| 科图分类: | ||
| 主题词: | ||
| 电子资源: | ||
| ISBN: | 7-206-02168-9 | |
| 000 | 00873nam0 2200265 45 | |
| 001 | 01200620028 | |
| 005 | 20061215083146.32 | |
| 010 | @a7-206-02168-9@dCNY83.80(全3册) | |
| 092 | @aCN@b496272 | |
| 100 | @a20060613d2005 em y0chiy0121 ea | |
| 101 | 0 | @achi |
| 102 | @aCN@b220000 | |
| 105 | @ac z 000yy | |
| 200 | 1 | @a千金方@9qian jin fang@e备急千金要方@h下@f(唐)孙思邈著@g一木编校 |
| 205 | @a2版 | |
| 210 | @a长春@c吉林人民出版社@d2005 | |
| 215 | @a693~1042页@c画像@d21cm | |
| 330 | @a从目录上可知、分上、中、下三编:上编是小说,中编是散文,下编是曲艺作品。选集虽然篇幅有限,但所包含的作品有许多是老舍先生的代表作。 | |
| 517 | 1 | @a备急千金要方@9bei ji qian jin yao fang |
| 605 | @a千金方 | |
| 690 | @aR289.342@v4 | |
| 701 | 0 | @a孙思邈@9sun si miao@4著 |
| 702 | 0 | @a一木@9yi mu@4编校 |
| 801 | 0 | @aCN@bLZJBOOK@c20061215 |
| 905 | @a10447@dR289.342@e197:3=2 | |
| 千金方:备急千金要方.下/(唐)孙思邈著/一木编校.-2版.-长春:吉林人民出版社,2005 |
| 693~1042页:画像;21cm |
| ISBN 7-206-02168-9:CNY83.80(全3册) |
| 从目录上可知、分上、中、下三编:上编是小说,中编是散文,下编是曲艺作品。选集虽然篇幅有限,但所包含的作品有许多是老舍先生的代表作。 |
| ● |
| 相关链接 |
|
|
|
|
正题名:千金方
索取号:R289.342/197:3=2
 
预约/预借
| 序号 | 登录号 | 条形码 | 馆藏地/架位号 | 状态 | 备注 |
| 1 | 0550322 | 205503221 | 第二样本阅览室/ [索取号:R289.342/197:3=2] | 在馆 | |
| 2 | 0550323 | 205503230 | 教育系资料室/ [索取号:R289.342/197:3=2] | 在馆 | |
| 3 | 0550324 | 205503249 | 第三借阅区/ [索取号:R289.342/197:3=2] | 在馆 | |
| 4 | 0550325 | 205503258 | 教育系资料室/ [索取号:R289.342/197:3=2] | 在馆 | |
| 5 | 0550326 | 205503267 | 第三借阅区/ [索取号:R289.342/197:3=2] | 在馆 | |
| 6 | 0550327 | 205503276 | 第三借阅区/ [索取号:R289.342/197:3=2] | 在馆 | |
| 7 | 0550328 | 205503285 | 第三借阅区/ [索取号:R289.342/197:3=2] | 在馆 | |
| 8 | 0550329 | 205503294 | 教育系资料室/ [索取号:R289.342/197:3=2] | 在馆 |